The Simpsons: Jury of the Damned Quiz Stats

 Plays Quiz Updated Mar 12, 2020

Support Sporcle.
Go Orange.
Score 0/7 Timer 02:00
2 Plays Today
Member % Correct
The starting line of the 1976 Philadelphia Flyers
60.7%
Lizzie Borden
60.4%
Richard Nixon
58.9%
Benedict Arnold
44%
Blackbeard the Pirate
43.5%
John Wilkes Booth
34.7%
John Dillinger
22.5%

You're not logged in!

Compare scores with friends on all Sporcle quizzes.
OR
Log In

From the Vault

Opera Composers

by davidr

This quiz ain't over til the fat lady Sporcles.
Remove Ads.
Support Sporcle.
Get the best of Sporcle when you Go Orange. This ad-free experience offers more features, more stats, and more fun while also helping to support Sporcle. Thank you for becoming a member.

Show Comments

Extras

Top Quizzes Today


Score Distribution

Your Account Isn't Verified!

In order to create a playlist on Sporcle, you need to verify the email address you used during registration. Go to your Sporcle Settings to finish the process.

Report this User

Report this user for behavior that violates our Community Guidelines.

Details: